000 00819nam a2200265Ia 4500
003 OSt
005 20220928123641.0
006 a|||||r|||| 00| 0
007 ta
008 220927b |||||||| |||| 00| 0 eng d
020 _c4188.3400000000001
024 _a109067
037 _b642, 07/09/2010, Insat Books and Periodicals
_cTextual
040 _aSDCL
_cSDCL
_beng
041 _2eng
_aeng
082 _aB28, P9
100 _aShorack Galen R
_9461331
245 0 _aEmpirical processes with applications to statistics.
260 _aPhiladephia
_bSIAM
_c2009
300 _axli,956p.
_ccm.
650 _aMathematics
700 _a Wellner Jon A
_9461332
942 _hB28, P9
_cTEXL
_2CC
999 _c774371
_d774371